[Event "Open San Miguel Grupo B"]
[Site "Trevias ESP"]
[Date "2007.09.18"]
[Round "2.11"]
[White "Fernandez Martin, Fermin Jorge"]
[Black "Garrido Moreno, Angel Luis"]
[Result "1-0"]
[WhiteElo "2093"]
[BlackElo "2053"]
[PlyCount "77"]
[EventDate "2007.09.17"]
[EventType "swiss"]
[EventCountry "ESP"]
[Source "lmi"]
[SourceDate "2007.09.17"]

1. e4 e5 2. Nf3 Nc6 3. Bb5 d6 4. d4 Bd7 5. Nc3 exd4 6. Nxd4 Nf6 7. Bxc6 bxc6 8.
Bg5 Be7 9. Qd2 O-O 10. O-O-O Nd5 11. Bxe7 Nxe7 12. e5 d5 13. Na4 Ng6 14. Rhe1
Qe7 15. Qc3 Qg5+ 16. Kb1 Nxe5 17. Nc5 Be8 18. Nde6 fxe6 19. Nxe6 Qf6 20. Nxf8
Nc4 21. Qxf6 gxf6 22. Ne6 Bg6 23. Re2 a5 24. b3 Na3+ 25. Kb2 Nb5 26. a4 Nd6 27.
f3 Rb8 28. Nxc7 Nc4+ 29. Kc3 Ne5 30. Rde1 Rc8 31. f4 Rxc7 32. fxe5 f5 33. e6
Kf8 34. e7+ Ke8 35. Re6 f4 36. Rd6 Be4 37. Rf6 Rxe7 38. Rxf4 Kd7 39. Rfxe4 1-0

[Event "Open San Miguel Grupo B"]
[Site "Trevias ESP"]
[Date "2007.09.18"]
[Round "2.12"]
[White "Menendez Solar, Jose Carlos"]
[Black "Garcia-Monteavaro Rodriguez, Carl"]
[Result "1-0"]
[WhiteElo "1925"]
[BlackElo "2084"]
[PlyCount "25"]
[EventDate "2007.09.17"]
[EventType "swiss"]
[EventCountry "ESP"]
[Source "lmi"]
[SourceDate "2007.09.17"]

1. d4 Nf6 2. Nf3 g6 3. c4 Bg7 4. Nc3 d5 5. Qb3 dxc4 6. Qxc4 O-O 7. e4 b6 8. Qb3
Bb7 9. Bd3 c5 10. d5 e6 11. Bc4 exd5 12. exd5 Qe7+ 13. Kf1 1-0

[Event "Open San Miguel Grupo B"]
[Site "Trevias ESP"]
[Date "2007.09.19"]
[Round "3.1"]
[White "Arias Rodriguez, Santiago"]
[Black "Lobo Rodriguez, Jesus Angel"]
[Result "1-0"]
[WhiteElo "2166"]
[BlackElo "2201"]
[PlyCount "100"]
[EventDate "2007.09.17"]
[EventType "swiss"]
[EventCountry "ESP"]
[Source "lmi"]
[SourceDate "2007.09.17"]

1. e4 c5 2. Nf3 Nc6 3. d4 cxd4 4. Nxd4 Nf6 5. Nc3 e5 6. Ndb5 d6 7. Bg5 a6 8.
Na3 b5 9. Bxf6 gxf6 10. Nd5 f5 11. c3 Bg7 12. exf5 Bxf5 13. Nc2 O-O 14. Nce3
Be6 15. g3 f5 16. Bg2 Rb8 17. O-O b4 18. Qa4 Bd7 19. f4 bxc3 20. bxc3 Kh8 21.
Qa3 Be6 22. Qxa6 Ne7 23. Rac1 e4 24. Rfd1 Nxd5 25. Nxd5 Ra8 26. Qe2 Qa5 27. c4
Rfb8 28. Rc2 Bd7 29. Rcd2 Ba4 30. Re1 Be8 31. g4 Bg6 32. h3 Ra7 33. Red1 Rab7
34. Kh2 Rb2 35. gxf5 Bxf5 36. Ne7 Bf6 37. Nc6 Qc7 38. Nxb8 Rxb8 39. Rxd6 Be7
40. Qd2 Bxd6 41. Qxd6 Qxd6 42. Rxd6 Rb2 43. Rf6 Bd7 44. Kg3 e3 45. Bd5 e2 46.
Kf2 Bxh3 47. Rf8+ Kg7 48. Rf7+ Kg6 49. Re7 Bg4 50. a4 Rb1 1-0

[Event "Open San Miguel Grupo B"]
[Site "Trevias ESP"]
[Date "2007.09.19"]
[Round "3.2"]
[White "Aparicio Garcia, Enrique"]
[Black "Fabre Masana, Miguel"]
[Result "1/2-1/2"]
[WhiteElo "2179"]
[BlackElo "2159"]
[PlyCount "97"]
[EventDate "2007.09.17"]
[EventType "swiss"]
[EventCountry "ESP"]
[Source "lmi"]
[SourceDate "2007.09.17"]

1. e4 c5 2. Nf3 d6 3. d4 cxd4 4. Nxd4 Nf6 5. Nc3 Nc6 6. Bc4 Qb6 7. Nxc6 bxc6 8.
O-O e5 9. Qd3 Be7 10. Be3 Qc7 11. Kh1 O-O 12. f4 exf4 13. Bxf4 Be6 14. Bb3 Rad8
15. Qe2 Rfe8 16. Rae1 Bxb3 17. axb3 Qd7 18. Qf2 Ng4 19. Qg3 Ne5 20. Rd1 Qe6 21.
Qe3 Rd7 22. Bg3 Bf6 23. h3 Ng6 24. Na4 Be5 25. Rfe1 Bxg3 26. Qxg3 h5 27. Qf3 h4
28. Qf2 Qe5 29. Nc3 Re6 30. Qe2 Nf4 31. Qg4 Ng6 32. Rf1 Ree7 33. Rf5 Qe6 34.
Rdf1 d5 35. exd5 cxd5 36. Qf3 d4 37. Nd5 Re8 38. Rg5 Qe4 39. Qxe4 Rxe4 40. Rf2
Re5 41. Rxe5 Nxe5 42. Nb4 a5 43. Rf5 f6 44. Nd3 Nxd3 45. cxd3 Rb7 46. Rf4 Rxb3
47. Rxd4 Rxb2 48. Rxh4 Rd2 49. Ra4 1/2-1/2

[Event "Open San Miguel Grupo B"]
[Site "Trevias ESP"]
[Date "2007.09.19"]
[Round "3.3"]
[White "Martinez Riesgo, Jesus"]
[Black "Alvariño Cazon, Jose Manuel"]
[Result "1/2-1/2"]
[WhiteElo "2021"]
[BlackElo "2115"]
[PlyCount "58"]
[EventDate "2007.09.17"]
[EventType "swiss"]
[EventCountry "ESP"]
[Source "lmi"]
[SourceDate "2007.09.17"]

1. e4 e6 2. d4 d5 3. exd5 exd5 4. Bd3 Nc6 5. c3 Bd6 6. Ne2 Qh4 7. Be3 Bg4 8.
Nd2 f5 9. Qc2 Bxe2 10. Bxe2 f4 11. g3 fxg3 12. O-O-O gxf2 13. Nf3 Qe4 14. Qd2
h6 15. Rhf1 Nf6 16. h3 Bg3 17. Ne5 Nxe5 18. dxe5 Qxe5 19. Bd4 Qf5 20. Bxf2 Bf4
21. Be3 Bxe3 22. Qxe3+ Qe4 23. Qg3 O-O-O 24. Rfe1 Qf5 25. Qxg7 Qg5+ 26. Qxg5
hxg5 27. Bf1 Rhe8 28. Bg2 Rxe1 29. Rxe1 c6 1/2-1/2

[Event "Open San Miguel Grupo B"]
[Site "Trevias ESP"]
[Date "2007.09.19"]
[Round "3.4"]
[White "Arias Torio, Sergio"]
[Black "Fidalgo Fernandez, Lucia"]
[Result "0-1"]
[WhiteElo "2153"]
[BlackElo "2068"]
[PlyCount "104"]
[EventDate "2007.09.17"]
[EventType "swiss"]
[EventCountry "ESP"]
[Source "lmi"]
[SourceDate "2007.09.17"]

1. e4 c5 2. Nf3 e6 3. c3 Nf6 4. Bd3 Nc6 5. Bc2 d5 6. e5 Nd7 7. d4 b6 8. O-O Ba6
9. Re1 Qc7 10. a3 Rc8 11. Nbd2 cxd4 12. cxd4 Ncxe5 13. dxe5 Qxc2 14. Qxc2 Rxc2
15. Nd4 Rc7 16. b4 Be7 17. f4 O-O 18. N2f3 Rfc8 19. Bd2 Bd3 20. Kf2 b5 21. Rec1
Bc4 22. Rc3 Rb7 23. Rac1 Bd8 24. Nb3 Ra8 25. Be3 a5 26. Nfd4 axb4 27. axb4 Bb6
28. Ra1 Rxa1 29. Nxa1 Ra7 30. Nac2 Bxd4 31. Bxd4 Ra2 32. Ke3 h6 33. Kd2 Nb8 34.
Ra3 Rxa3 35. Nxa3 Na6 36. Kc3 Kh7 37. Nc2 Kg6 38. Ne3 Kh5 39. Ba7 g5 40. fxg5
Kxg5 41. g3 h5 42. h4+ Kg6 43. Bd4 Nb8 44. Ng2 Kf5 45. Ne3+ Ke4 46. g4 Nc6 47.
gxh5 Nxe5 48. h6 Ng6 49. h7 e5 50. Bxe5 Kxe5 51. Ng4+ Kf5 52. Nh6+ Kf6 0-1

[Event "Open San Miguel Grupo B"]
[Site "Trevias ESP"]
[Date "2007.09.19"]
[Round "3.5"]
[White "Miranda Gonzalez, Jose Luis"]
[Black "Fernandez Torre, Ivan"]
[Result "0-1"]
[WhiteElo "1990"]
[BlackElo "2146"]
[PlyCount "74"]
[EventDate "2007.09.17"]
[EventType "swiss"]
[EventCountry "ESP"]
[Source "lmi"]
[SourceDate "2007.09.17"]

1. e4 c5 2. c3 Nf6 3. e5 Nd5 4. d4 cxd4 5. Nf3 e6 6. cxd4 d6 7. Bc4 Nb6 8. Bb3
dxe5 9. Nxe5 N8d7 10. O-O Nxe5 11. dxe5 Qxd1 12. Rxd1 Bd7 13. Be3 Bc6 14. Nc3
Bb4 15. Bxb6 axb6 16. Rac1 Ra5 17. Re1 g5 18. a3 Bf8 19. Ne4 h6 20. Rcd1 Be7
21. Nd6+ Bxd6 22. Rxd6 Ke7 23. Rd3 h5 24. h3 Rc5 25. Rg3 Rd8 26. Rxg5 Rd2 27.
Rg3 Rxb2 28. Rge3 Ra5 29. Bd1 h4 30. Bf3 Ra2 31. Bxc6 bxc6 32. Rb3 b5 33. Rc3
R5xa3 34. Rxc6 Rb3 35. Rc7+ Kf8 36. g3 hxg3 37. f4 Rbb2 0-1

[Event "Open San Miguel Grupo B"]
[Site "Trevias ESP"]
[Date "2007.09.19"]
[Round "3.6"]
[White "Sierra Canosa, Francisco"]
[Black "Martinez Rodriguez, Ezequiel"]
[Result "1-0"]
[WhiteElo "2123"]
[BlackElo "1913"]
[PlyCount "115"]
[EventDate "2007.09.17"]
[EventType "swiss"]
[EventCountry "ESP"]
[Source "lmi"]
[SourceDate "2007.09.17"]

1. e4 c5 2. Nf3 a6 3. c3 Nf6 4. e5 Nd5 5. d4 cxd4 6. Bc4 e6 7. Bxd5 exd5 8.
Qxd4 Nc6 9. Qxd5 d6 10. Bg5 Qc7 11. Bf4 dxe5 12. Bxe5 Nxe5 13. Qxe5+ Qxe5+ 14.
Nxe5 Bd6 15. Nc4 Bc7 16. O-O O-O 17. Ne3 Be6 18. Nd2 Rfd8 19. Nf3 f6 20. b3 Kf8
21. Rfd1 b5 22. Kf1 g6 23. Rxd8+ Rxd8 24. Ke2 Bb6 25. Rd1 Rxd1 26. Kxd1 Ke8 27.
Kd2 Kd7 28. Kd3 Kd6 29. Nd4 Bd7 30. c4 Ke5 31. f4+ Kd6 32. Nd5 Bd8 33. Nc3
bxc4+ 34. Kxc4 f5 35. b4 Bc8 36. a4 Bb7 37. g3 Bb6 38. b5 a5 39. Nb3 Bc8 40.
Ne2 Be6+ 41. Kc3 Bxb3 42. Kxb3 Kd5 43. Kc3 Ke4 44. Kc4 Kf3 45. Nc3 h5 46. Nd5
Bg1 47. Ne7 h4 48. gxh4 Kxf4 49. Nxg6+ Kg4 50. Ne5+ Kh5 51. Nf3 Bf2 52. h3 Kg6
53. Kd5 Kf6 54. Kc6 f4 55. b6 Kf5 56. b7 Ba7 57. Kc7 Ke4 58. Ng5+ 1-0

[Event "Open San Miguel Grupo B"]
[Site "Trevias ESP"]
[Date "2007.09.19"]
[Round "3.7"]
[White "Fernandez Fernandez, Alfredo"]
[Black "Fernandez Martin, Fermin Jorge"]
[Result "1/2-1/2"]
[WhiteElo "1969"]
[BlackElo "2093"]
[PlyCount "52"]
[EventDate "2007.09.17"]
[EventType "swiss"]
[EventCountry "ESP"]
[Source "lmi"]
[SourceDate "2007.09.17"]

1. e4 c5 2. d3 Nc6 3. c3 d5 4. Nd2 Nf6 5. Ngf3 e5 6. Be2 Be7 7. O-O O-O 8. Qc2
h6 9. h3 Be6 10. Nh2 Qd7 11. Re1 Rfd8 12. Ndf1 Rac8 13. Ng3 b5 14. f4 exf4 15.
Bxf4 d4 16. Rad1 dxc3 17. bxc3 b4 18. Nf3 bxc3 19. Qxc3 Bxa2 20. Nf5 Be6 21.
Ne5 Nxe5 22. Nxe7+ Qxe7 23. Bxe5 Ne8 24. Ra1 Rd7 25. Ra5 Rb7 26. Bf4 Nf6
1/2-1/2

[Event "Open San Miguel Grupo B"]
[Site "Trevias ESP"]
[Date "2007.09.19"]
[Round "3.8"]
[White "Fernandez-Velasco Climent, Fernan"]
[Black "Oria Blasco, Alberto"]
[Result "0-1"]
[WhiteElo "1914"]
[BlackElo "2016"]
[PlyCount "78"]
[EventDate "2007.09.17"]
[EventType "swiss"]
[EventCountry "ESP"]
[Source "lmi"]
[SourceDate "2007.09.17"]

1. e4 c5 2. Nf3 e6 3. d4 cxd4 4. Nxd4 a6 5. c4 Nc6 6. Nc3 Nf6 7. Be3 Be7 8. Be2
d6 9. O-O O-O 10. Kh1 Qa5 11. Nb3 Qc7 12. f4 Rd8 13. Na4 Nd7 14. a3 b6 15. Qc2
Bb7 16. Bg4 Nc5 17. Nc3 Bf6 18. Nxc5 bxc5 19. Ne2 Nd4 20. Bxd4 Bxd4 21. Nxd4
cxd4 22. f5 Qe7 23. Rae1 e5 24. f6 gxf6 25. Qf2 Bc8 26. Qh4 Bxg4 27. Qxg4+ Kh8
28. Rf5 Rg8 29. Qf3 Rg6 30. Rf1 Rd8 31. Qh3 Kg7 32. Rh5 h6 33. Qd3 Qe6 34. Rh3
Qd7 35. Rf5 Qa4 36. Rfh5 Rb8 37. b4 Rxb4 38. Rf3 Rxc4 39. Qd2 Qc2 0-1

[Event "Open San Miguel Grupo B"]
[Site "Trevias ESP"]
[Date "2007.09.19"]
[Round "3.10"]
[White "Marcos Pinto, Luis"]
[Black "Iglesias Valle, Julian"]
[Result "0-1"]
[WhiteElo "2015"]
[BlackElo "2169"]
[PlyCount "62"]
[EventDate "2007.09.17"]
[EventType "swiss"]
[EventCountry "ESP"]
[Source "lmi"]
[SourceDate "2007.09.17"]

1. e4 d6 2. d4 c6 3. Nf3 Nf6 4. Nc3 Bg4 5. Bg5 Nbd7 6. Be2 e5 7. Qd2 Be7 8. h3
Bh5 9. Bxf6 Bxf6 10. dxe5 dxe5 11. Nxe5 Nxe5 12. Qxd8+ Rxd8 13. Bxh5 Nc4 14.
O-O O-O 15. f4 Bd4+ 16. Kh1 Nxb2 17. Ne2 Bb6 18. Rfb1 Nc4 19. c3 Nd2 20. Rb4 c5
21. Ra4 g6 22. Bg4 h5 23. Bf3 Rd3 24. Ra3 Nxf3 25. gxf3 Rxf3 26. Kg2 Re3 27.
Kf2 c4 28. Ra4 Rxe4+ 29. Kf1 Rfe8 30. Re1 Re3 31. Rxc4 Rf3+ 0-1

[Event "Open San Miguel Grupo B"]
[Site "Trevias ESP"]
[Date "2007.09.19"]
[Round "3.11"]
[White "Garcia-Monteavaro Rodriguez, Carl"]
[Black "Martin Fernandez, Jorge"]
[Result "1-0"]
[WhiteElo "2084"]
[BlackElo "1941"]
[PlyCount "149"]
[EventDate "2007.09.17"]
[EventType "swiss"]
[EventCountry "ESP"]
[Source "lmi"]
[SourceDate "2007.09.17"]

1. e4 c6 2. d4 d5 3. Bd3 dxe4 4. Bxe4 Nf6 5. Bf3 Bf5 6. Ne2 e6 7. O-O Bd6 8. c4
O-O 9. Nbc3 h6 10. Ng3 Bg6 11. Re1 Nbd7 12. d5 cxd5 13. cxd5 e5 14. a3 a6 15.
b4 Rc8 16. Bb2 Nb6 17. Qb3 Nc4 18. Bc1 Qc7 19. Be3 Nd7 20. Nce4 f5 21. Nxd6
Qxd6 22. Rac1 Nxe3 23. fxe3 e4 24. Be2 Kh7 25. Rc3 Rxc3 26. Qxc3 Qxd5 27. Rd1
Qe5 28. Qd2 Rf7 29. Bc4 Re7 30. Qd6 Qxd6 31. Rxd6 Ne5 32. Bd5 Ng4 33. Nf1 Bf7
34. h3 Ne5 35. Bxf7 Rxf7 36. a4 Nd3 37. Rb6 Rc7 38. Ng3 g6 39. Ne2 Ne5 40. Kf2
Nd3+ 41. Kg3 Ne5 42. Kf4 Nd3+ 43. Kg3 Ne5 44. Re6 Nd3 45. Nf4 Nxf4 46. Kxf4 Kg7
47. Rb6 Kf7 48. g4 fxg4 49. hxg4 Re7 50. Rd6 Kg7 51. a5 h5 52. gxh5 gxh5 53.
Kf5 h4 54. Rg6+ Kh7 55. Rg4 h3 56. Rh4+ Kg7 57. Rxh3 Rc7 58. Rh4 Rf7+ 59. Kxe4
Re7+ 60. Kd4 Kf6 61. Rh6+ Kf5 62. Rd6 Re4+ 63. Kc5 Rxe3 64. Rd7 Re5+ 65. Rd5
Ke6 66. Rxe5+ Kxe5 67. Kb6 Kd6 68. Kxb7 Kd7 69. Kxa6 Kc7 70. b5 Kb8 71. b6 Ka8
72. Kb5 Kb7 73. a6+ Kc8 74. Kc6 Kb8 75. b7 1-0

[Event "Open San Miguel Grupo B"]
[Site "Trevias ESP"]
[Date "2007.09.20"]
[Round "4.1"]
[White "Fidalgo Fernandez, Lucia"]
[Black "Arias Rodriguez, Santiago"]
[Result "1/2-1/2"]
[WhiteElo "2068"]
[BlackElo "2166"]
[PlyCount "104"]
[EventDate "2007.09.17"]
[EventType "swiss"]
[EventCountry "ESP"]
[Source "lmi"]
[SourceDate "2007.09.17"]

1. d4 Nf6 2. Nf3 g6 3. Bf4 Bg7 4. h3 O-O 5. e3 d6 6. c3 Nc6 7. Be2 Nd7 8. O-O
e5 9. Bh2 f5 10. dxe5 dxe5 11. Bb5 Kh8 12. Qa4 Qf6 13. Nbd2 g5 14. Nc4 f4 15.
exf4 exf4 16. Bxc6 bxc6 17. Na5 Rb8 18. Qxc6 Rxb2 19. Qxc7 Rc2 20. Rac1 Rxc3
21. Rxc3 Qxc3 22. Rc1 Qb2 23. Nxg5 Bd4 24. Qc2 Qxc2 25. Rxc2 Ne5 26. Nb3 Bf5
27. Re2 Nc6 28. Ne6 f3 29. gxf3 Rg8+ 30. Kh1 Bf6 31. Nf4 Rd8 32. Bg3 Kg8 33.
Kg2 Kf7 34. Kh2 Ne5 35. Kg2 Ng6 36. Nxg6 hxg6 37. Rd2 Rh8 38. h4 Bxh4 39. Rd4
Bf6 40. Ra4 Bh3+ 41. Kg1 Ra8 42. Ra6 Bd7 43. Bf4 Bb5 44. Rd6 Be7 45. Rd2 Bb4
46. Rc2 Rd8 47. Rc7+ Rd7 48. Rxd7+ Bxd7 49. Be3 a5 50. Bd2 a4 51. Bxb4 axb3 52.
axb3 Be6 1/2-1/2

[Event "Open San Miguel Grupo B"]
[Site "Trevias ESP"]
[Date "2007.09.20"]
[Round "4.2"]
[White "Lobo Rodriguez, Jesus Angel"]
[Black "Sierra Canosa, Francisco"]
[Result "0-1"]
[WhiteElo "2201"]
[BlackElo "2123"]
[PlyCount "66"]
[EventDate "2007.09.17"]
[EventType "swiss"]
[EventCountry "ESP"]
[Source "lmi"]
[SourceDate "2007.09.17"]

1. d4 g6 2. c4 Bg7 3. Nc3 Nf6 4. Nf3 O-O 5. Bf4 d6 6. e3 Nfd7 7. h3 Nc6 8. Be2
e5 9. Bh2 f5 10. O-O h6 11. Rc1 g5 12. d5 Ne7 13. b4 a5 14. a3 axb4 15. axb4
Nf6 16. Qb3 g4 17. hxg4 Nxg4 18. c5 Ng6 19. cxd6 cxd6 20. e4 Nxh2 21. Nxh2 Nf4
22. Bf3 Qg5 23. Kh1 Rf6 24. g3 Nh3 25. Kg2 Nf4+ 26. Kh1 Nh3 27. Kg2 f4 28. Ne2
fxg3 29. fxg3 Nf4+ 30. Kh1 Nxe2 31. Bxe2 Bh3 32. Rg1 Rf2 33. Bf3 Raa2 0-1

[Event "Open San Miguel Grupo B"]
[Site "Trevias ESP"]
[Date "2007.09.20"]
[Round "4.3"]
[White "Alvariño Cazon, Jose Manuel"]
[Black "Aparicio Garcia, Enrique"]
[Result "0-1"]
[WhiteElo "2115"]
[BlackElo "2179"]
[PlyCount "56"]
[EventDate "2007.09.17"]
[EventType "swiss"]
[EventCountry "ESP"]
[Source "lmi"]
[SourceDate "2007.09.17"]

1. e4 Nf6 2. e5 Nd5 3. c4 Nb6 4. c5 Nd5 5. Bc4 e6 6. Nc3 Nf4 7. Qg4 Qh4 8. h3
h5 9. g3 hxg4 10. gxh4 Rxh4 11. d4 Nxh3 12. Bf1 Nxg1 13. Rxg1 f5 14. exf6 gxf6
15. Bf4 d6 16. O-O-O f5 17. Nb5 Kd7 18. d5 e5 19. Bg3 Rh8 20. Bd3 f4 21. Rh1
Rxh1 22. Rxh1 fxg3 23. Rh7+ Kd8 24. fxg3 Na6 25. Bg6 Bd7 26. Rh8 Ke7 27. Rh7+
Kf6 28. Rxd7 Kxg6 0-1

[Event "Open San Miguel Grupo B"]
[Site "Trevias ESP"]
[Date "2007.09.20"]
[Round "4.4"]
[White "Fabre Masana, Miguel"]
[Black "Oria Blasco, Alberto"]
[Result "1-0"]
[WhiteElo "2159"]
[BlackElo "2016"]
[PlyCount "117"]
[EventDate "2007.09.17"]
[EventType "swiss"]
[EventCountry "ESP"]
[Source "lmi"]
[SourceDate "2007.09.17"]

1. e4 c5 2. Nf3 e6 3. c3 d5 4. exd5 Qxd5 5. d4 Nf6 6. Na3 Be7 7. Be2 O-O 8. O-O
Nc6 9. Nc2 b6 10. Ne3 Qd8 11. dxc5 Bxc5 12. b4 Be7 13. Bb2 Qc7 14. a3 Rd8 15.
Qc2 h6 16. c4 Bb7 17. Rfd1 Rxd1+ 18. Rxd1 Rd8 19. h3 Rxd1+ 20. Qxd1 Qd7 21. Qc2
Qc7 22. c5 bxc5 23. Bxf6 Bxf6 24. Qxc5 Be7 25. Qc2 Qf4 26. Qc4 Qxc4 27. Nxc4
Kf8 28. Kf1 Ke8 29. Ke1 Kd8 30. Kd2 Kc7 31. g3 Bf6 32. Kc2 Ba6 33. Bd3 Bxc4 34.
Bxc4 Ne5 35. Nd2 Be7 36. Kb3 Nc6 37. Bf1 Nd4+ 38. Kc3 Nf5 39. a4 Nd6 40. Bd3
Bf6+ 41. Kb3 Bd4 42. f3 Be5 43. g4 Bf4 44. Nb1 g6 45. a5 f5 46. Nc3 Be3 47. Bc4
Nxc4 48. Kxc4 fxg4 49. fxg4 Bg1 50. Ne4 Be3 51. b5 Bg1 52. Kd3 Kd7 53. h4 Kc7
54. h5 gxh5 55. gxh5 Bh2 56. Kc4 Bf4 57. Nc5 Kd6 58. b6 axb6 59. a6 1-0

[Event "Open San Miguel Grupo B"]
[Site "Trevias ESP"]
[Date "2007.09.20"]
[Round "4.5"]
[White "Fernandez Torre, Ivan"]
[Black "Martinez Riesgo, Jesus"]
[Result "0-1"]
[WhiteElo "2146"]
[BlackElo "2021"]
[PlyCount "70"]
[EventDate "2007.09.17"]
[EventType "swiss"]
[EventCountry "ESP"]
[Source "lmi"]
[SourceDate "2007.09.17"]

1. e4 c5 2. Nf3 d6 3. d4 cxd4 4. Nxd4 Nf6 5. Nc3 a6 6. f4 e6 7. Be2 Be7 8. Bf3
Qc7 9. O-O O-O 10. Qe2 e5 11. Nb3 exf4 12. Bxf4 Be6 13. Kh1 Bc4 14. Qf2 Bxf1
15. Rxf1 Nbd7 16. Nd4 Rfe8 17. Nf5 Bf8 18. Rd1 Qb6 19. Qg3 g6 20. b3 Qc5 21.
Rd3 Ne5 22. Bxe5 Qxe5 23. Qxe5 dxe5 24. Ne3 Rac8 25. Ncd5 Nxd5 26. Nxd5 Kg7 27.
c4 b5 28. Bg4 bxc4 29. Bxc8 cxd3 30. Bxa6 d2 31. Nc3 Bb4 32. Nd1 Ra8 33. Be2
Rxa2 34. Kg1 Ra1 35. Kf1 Rb1 0-1

[Event "Open San Miguel Grupo B"]
[Site "Trevias ESP"]
[Date "2007.09.20"]
[Round "4.6"]
[White "Iglesias Valle, Julian"]
[Black "Fernandez Fernandez, Alfredo"]
[Result "1-0"]
[WhiteElo "2169"]
[BlackElo "1969"]
[PlyCount "41"]
[EventDate "2007.09.17"]
[EventType "swiss"]
[EventCountry "ESP"]
[Source "lmi"]
[SourceDate "2007.09.17"]

1. d4 Nf6 2. Nf3 e6 3. e3 c5 4. Bd3 d5 5. dxc5 Bxc5 6. Nbd2 O-O 7. O-O Nc6 8.
e4 Qc7 9. a3 a5 10. h3 b6 11. Re1 dxe4 12. Nxe4 Nxe4 13. Rxe4 e5 14. Ng5 g6 15.
Rh4 Be7 16. Rxh7 Bxg5 17. Bxg5 Kxh7 18. Qh5+ Kg8 19. Qh4 f5 20. Bc4+ Rf7 21.
Bf6 1-0

[Event "Open San Miguel Grupo B"]
[Site "Trevias ESP"]
[Date "2007.09.20"]
[Round "4.7"]
[White "Montes Gutierrez, Ignacio"]
[Black "Vega Viejo, Marcelino"]
[Result "0-1"]
[WhiteElo "2084"]
[BlackElo "2093"]
[PlyCount "80"]
[EventDate "2007.09.17"]
[EventType "swiss"]
[EventCountry "ESP"]
[Source "lmi"]
[SourceDate "2007.09.17"]

1. Nf3 c5 2. c4 Nf6 3. g3 d5 4. Bg2 d4 5. b4 cxb4 6. a3 bxa3 7. d3 Nc6 8. Bxa3
g6 9. Nbd2 Rb8 10. Nb3 b6 11. O-O Bg7 12. Bb2 Nh5 13. Ra2 O-O 14. Qa1 e5 15.
Ne1 Bd7 16. Ba3 Re8 17. Bd6 Rc8 18. c5 Be6 19. Rb2 Qd7 20. Nd2 f5 21. Qa4 Nf6
22. Nc4 Nd5 23. Nf3 Nc3 24. Qa6 e4 25. Ng5 b5 26. Nxe6 Rxe6 27. Na3 Nb8 28. Qa5
Nc6 29. Qa6 Nb8 30. Qa5 a6 31. Rd2 Bh6 32. Rc2 Nc6 33. Qb6 Nb4 34. Rxc3 dxc3
35. dxe4 fxe4 36. Qa5 Rxd6 37. Qxb4 Rd4 38. Qb3+ Qd5 39. Qxd5+ Rxd5 40. Bh3
Rcxc5 0-1

[Event "Open San Miguel Grupo B"]
[Site "Trevias ESP"]
[Date "2007.09.20"]
[Round "4.8"]
[White "Menendez Solar, Jose Carlos"]
[Black "Arias Torio, Sergio"]
[Result "0-1"]
[WhiteElo "1925"]
[BlackElo "2153"]
[PlyCount "34"]
[EventDate "2007.09.17"]
[EventType "swiss"]
[EventCountry "ESP"]
[Source "lmi"]
[SourceDate "2007.09.17"]

1. d4 f5 2. g3 Nf6 3. Bg2 g6 4. Nh3 Bg7 5. Nf4 d6 6. c3 e5 7. dxe5 dxe5 8. Nd3
e4 9. Nc5 Qxd1+ 10. Kxd1 b6 11. Nb3 c5 12. a4 Be6 13. N3d2 Nc6 14. Na3 Rd8 15.
Kc2 Ne5 16. Nb5 Rd7 17. Nd4 cxd4 0-1

[Event "Open San Miguel Grupo B"]
[Site "Trevias ESP"]
[Date "2007.09.20"]
[Round "4.9"]
[White "Martinez Rodriguez, Ezequiel"]
[Black "Garcia-Monteavaro Rodriguez, Carl"]
[Result "1/2-1/2"]
[WhiteElo "1913"]
[BlackElo "2084"]
[PlyCount "109"]
[EventDate "2007.09.17"]
[EventType "swiss"]
[EventCountry "ESP"]
[Source "lmi"]
[SourceDate "2007.09.17"]

1. d4 e6 2. c4 d5 3. Nc3 Nf6 4. Nf3 c6 5. cxd5 exd5 6. Bg5 Be7 7. e3 O-O 8. Bd3
Nbd7 9. O-O Re8 10. Rc1 Nf8 11. h3 Bd7 12. Ne5 h6 13. Bxf6 Bxf6 14. f4 Bc8 15.
Qh5 Qe7 16. Rf3 Ne6 17. Rg3 Kf8 18. Rf1 Rd8 19. Bh7 Bd7 20. Bg6 Be8 21. Bf5 c5
22. Qf3 Bc6 23. Bg6 cxd4 24. exd4 Qb4 25. Nxf7 Nxd4 26. Qd3 Qxb2 27. Nxd8 Rxd8
28. Re3 Nb5 29. Ne2 Qxa2 30. Bh5 d4 31. Re5 Nc3 32. Rf2 Qb1+ 33. Qxb1 Nxb1 34.
Nc1 d3 35. Bd1 Nc3 36. Rd2 Nxd1 37. Rxd1 Bxe5 38. fxe5 Be4 39. Rd2 Ke7 40. Kf2
Ke6 41. Ke3 Kxe5 42. Nb3 b6 43. Rf2 Bg6 44. Nd2 Rd7 45. g4 a5 46. Nc4+ Ke6 47.
Nxb6 d2 48. Rxd2 Rxd2 49. Kxd2 Kf6 50. h4 Be8 51. Ke3 a4 52. Nd5+ Ke5 53. Nb4
a3 54. g5 a2 55. Nxa2 1/2-1/2

[Event "Open San Miguel Grupo B"]
[Site "Trevias ESP"]
[Date "2007.09.20"]
[Round "4.10"]
[White "Garrido Moreno, Angel Luis"]
[Black "Fernandez-Velasco Climent, Fernan"]
[Result "1-0"]
[WhiteElo "2053"]
[BlackElo "1914"]
[PlyCount "74"]
[EventDate "2007.09.17"]
[EventType "swiss"]
[EventCountry "ESP"]
[Source "lmi"]
[SourceDate "2007.09.17"]

1. d4 e6 2. e4 d5 3. e5 c5 4. c3 Nc6 5. Nf3 Qc7 6. a3 Bd7 7. Bd3 Nge7 8. O-O c4
9. Bc2 b5 10. Nbd2 h6 11. b4 a5 12. Bb2 a4 13. Ne1 O-O-O 14. f4 g5 15. fxg5
hxg5 16. Ndf3 g4 17. Ng5 Nxe5 18. dxe5 Qxe5 19. Qxg4 Qe3+ 20. Rf2 Bh6 21. Nh3
e5 22. Qf3 Rdg8 23. Kf1 Qa7 24. Bc1 Bg4 25. Qf6 Bxc1 26. Rxc1 e4 27. Qd4 Qxd4
28. cxd4 f5 29. Bd1 Bxh3 30. gxh3 Rxh3 31. Nc2 Kd7 32. Ke2 Ke6 33. Ne3 Rg1 34.
Rc3 Rg5 35. Nxd5 Rxc3 36. Nxc3 Ng6 37. Ke3 Rh5 1-0

[Event "Open San Miguel Grupo B"]
[Site "Trevias ESP"]
[Date "2007.09.20"]
[Round "4.11"]
[White "Martin Fernandez, Jorge"]
[Black "Miranda Gonzalez, Jose Luis"]
[Result "0-1"]
[WhiteElo "1941"]
[BlackElo "1990"]
[PlyCount "80"]
[EventDate "2007.09.17"]
[EventType "swiss"]
[EventCountry "ESP"]
[Source "lmi"]
[SourceDate "2007.09.17"]

1. d4 d5 2. c4 e6 3. Nc3 Nf6 4. Bg5 Bb4 5. e3 O-O 6. a3 Bxc3+ 7. bxc3 Nbd7 8.
Nf3 c5 9. Rc1 Qa5 10. Bxf6 Nxf6 11. Qb3 Bd7 12. Be2 dxc4 13. Qxc4 Rac8 14. O-O
cxd4 15. Qxd4 Qxa3 16. c4 Qc5 17. Ra1 a6 18. Rfb1 Qxd4 19. exd4 Bc6 20. Ne5 Be4
21. Rb6 Rc7 22. f3 Bg6 23. Nxg6 hxg6 24. Rab1 Rd7 25. Rxb7 Rxd4 26. c5 Rc8 27.
Rb8 Rdd8 28. Rxc8 Rxc8 29. Bxa6 Rxc5 30. Rb8+ Kh7 31. Rb7 Ra5 32. Bc4 Ra4 33.
Be2 Ra2 34. Bc4 Rc2 35. Ba6 Nd5 36. Rxf7 Ne3 37. g3 Rg2+ 38. Kh1 Ra2 39. h4
Rxa6 40. Re7 Nf5 0-1

[Event "Open San Miguel Grupo B"]
[Site "Trevias ESP"]
[Date "2007.09.21"]
[Round "5.1"]
[White "Arias Rodriguez, Santiago"]
[Black "Aparicio Garcia, Enrique"]
[Result "1/2-1/2"]
[WhiteElo "2166"]
[BlackElo "2179"]
[PlyCount "54"]
[EventDate "2007.09.17"]
[EventType "swiss"]
[EventCountry "ESP"]
[Source "lmi"]
[SourceDate "2007.09.17"]

1. e4 Nf6 2. e5 Nd5 3. d4 d6 4. c4 Nb6 5. exd6 cxd6 6. Nf3 g6 7. Be3 Bg7 8. Nc3
O-O 9. h3 e5 10. Qd2 Nc6 11. d5 Ne7 12. Bh6 Nd7 13. Bxg7 Kxg7 14. Be2 Nf5 15.
O-O Nh4 16. Ng5 Qe7 17. f4 Nf5 18. Nge4 Nf6 19. Rae1 Nxe4 20. Nxe4 f6 21. fxe5
fxe5 22. Bg4 Nd4 23. Rxf8 Qxf8 24. Rf1 Qe7 25. Bxc8 Rxc8 26. Ng5 Rf8 27. Rxf8
Kxf8 1/2-1/2